Statistieken voor Vlaams-Brabant, Brabant Flamand: Gemeenten, Communes

Klik hier om de quiz te nemen!

Algemene statistieken

  • Deze quiz is 1.024 keer genomen
  • De gemiddelde score is 39 van 65

Antwoorden op de kaart

Antwoorden kleurgecodeerd door een groen-rode schaal op de quizkaart volgens % correct hieronder.
 

Antwoordstatistieken

Antwoorden / Solutions% Correct
Zoutleeuw / Léau
98%
Leuven / Louvain
97%
Zaventem
85%
Halle / Hal
82%
Vilvoorde / Vilvorde
82%
Tienen / Tirlemont
79%
Diest
75%
Oud-Heverlee
74%
Tervuren
74%
Aarschot
73%
Dilbeek
72%
Grimbergen
72%
Asse
70%
Hoegaarden
70%
Bierbeek
69%
Landen
66%
Overijse
66%
Machelen
65%
Sint-Genesius-Rode / Rhode-Saint-Genèse
64%
Affligem
63%
Herent
63%
Lubbeek
62%
Sint-Pieters-Leeuw / Leeuw-Saint-Pierre
62%
Haacht
61%
Tremelo
61%
Hoeilaart
60%
Kraainem
60%
Linkebeek
60%
Rotselaar
60%
Ternat
60%
Tielt-Winge
60%
Scherpenheuvel-Zichem / Montaigu-Zichem
59%
Bertem
58%
Kortenberg
58%
Wezembeek-Oppem
57%
Boortmeerbeek
56%
Drogenbos
56%
Huldenberg
56%
Keerbergen
56%
Meise
56%
Steenokkerzeel
56%
Gooik
55%
Beersel
54%
Londerzeel
54%
Begijnendijk
53%
Merchtem
53%
Opwijk
53%
Wemmel
53%
Bekkevoort
52%
Holsbeek
52%
Bever / Biévène
51%
Boutersem
51%
Liedekerke
51%
Galmaarden / Gammerages
50%
Geetbets
50%
Kampenhout
50%
Linter
50%
Kapelle-op-den-Bos
49%
Glabbeek
48%
Lennik
48%
Kortenaken
47%
Pepingen
47%
Herne
45%
Roosdaal
44%
Zernst
30%

Scoreverdeling

Percentiel versus Aantal Correcte Antwoorden

Procent van Mensen met Elke Score

Uw Scoregeschiedenis

U heeft deze quiz nog niet genomen